Artilheiros desde 1971 - Série A Brasileirão - Statistics

Estatísticas Gerais
  • Esse quiz foi jogado 72 vezes
  • A pontuação média é 31 de 57
Estatísticas das Respostas
Ano Equipe Gols Jogador % Correto
2021 Atlético Mineiro 19 Hulk
100%
2019 Flamengo 25 Gabigol
98%
2018 Santos 18 Gabigol
98%
2020 São Paulo 18 Luciano
97%
2022 Fluminense 26 Germán Cano
95%
2017 Corinthians 18 Jô Alves
95%
2016 Atlético Mineiro 14 Fred
94%
2014 Fluminense 18 Fred
94%
2012 Fluminense 20 Fred
94%
2020 Red Bull Bragantino 18 Claudinho
88%
2005 Vasco 22 Romário
88%
2001 Vasco 21 Romário
88%
2023 Atlético Mineiro 20 Paulinho
86%
1978 Vasco 19 Paulinho
86%
1982 Flamengo 21 Zico
85%
1980 Flamengo 21 Zico
85%
2009 Flamengo 19 Adriano
83%
2016 Sport 14 Diego Souza
82%
1997 Vasco 29 Edmundo
80%
2015 Santos 20 Ricardo Oliveira
74%
1984 Vasco 16 Roberto Dinamite
74%
1974 Vasco 16 Roberto Dinamite
74%
1995 Botafogo 23 Túlio Maravilha
69%
1989 Goiás 11 Túlio Maravilha
69%
2004 Atlético Paranaense 34 Washington
69%
2011 Santos 23 Borges
65%
2017 Fluminense 18 Henrique Dourado
60%
1977 Atlético Mineiro 28 Reinaldo
60%
2010 Grêmio 23 Jonas
57%
2008 Coritiba 21 Keirrison
46%
2002 São Paulo 19 Luís Fabiano
46%
1996 Grêmio 16 Paulo Nunes
40%
1992 Vasco 18 Bebeto
38%
1986 São Paulo 25 Careca
38%
2009 Atlético Mineiro 19 Diego Tardelli
38%
2013 Atlético Paranaense 21 Éderson Alves
38%
2003 Goiás 31 Dimba
34%
1987 São Paulo 10 Muller
34%
1981 Flamengo 16 Nunes
34%
1983 Santos 22 Serginho Chulapa
32%
1976 Internacional 16 Dadá Maravilha
31%
1972 Atlético Mineiro 17 Dadá Maravilha
31%
1971 Atlético Mineiro 15 Dadá Maravilha
31%
1999 Atlético Mineiro 28 Guilherme
29%
2007 Paraná 20 Josiel
28%
2000 Fluminense 20 Magno Alves
28%
1994 Guarani 19 Amoroso
26%
2006 Goiás 17 Souza
23%
1998 Santos 21 Viola
20%
1993 Santos 14 Guga
11%
1991 Santos 11 Paulinho McLaren
9%
1990 Bahia 11 Charles
8%
1979 America-RJ 13 César
6%
1975 Internacional 16 Flávio
6%
1988 Internacional 15 Nílson
6%
1973 Santa Cruz 21 Ramon
3%
1985 Guarani 20 Edmar
0%
Nenhum quiz correspondente encontrado
Distribuição das Pontuações
Porcentagem de Pessoas com Cada Pontuação
Percentil de Números Respondidos
Sua Pontuação Histórica
Você não jogou esse quiz